000 00922cam a22001814a 4500
005 20250605164402.0
008 250528s ||||||||||||||||||||||||d
035 _a24618
040 _aGR-AtMCL
_bgre
_dGR-AtMCL
_eAACR2
245 1 _aΒήματα προς το Ψηφιακό Μέλλον / Οι Πρωτοπορίες του Ψηφιακού Μετασχηματισμού
260 _bΚαινοτομία Έρευνα Και Τεχνολογία,
_c2021
300 _a34
520 _aΤο Δημόσιο Πανεπιστήμιο στο Επίκεντρο της Παραγωγής Νέας Γνώσης, Ο Ψηφιακός Μετασχηματισμός στις Ελληνικές Επιχειρήσεις, Η Ευρώπη Απέναντι στις Νέες Προκλήσεις της Πανδημίας.
700 1 _aΣαχίνη Εύη
_99352
942 _cCR
999 _c9487
_d9487